Marcatori del Portogallo agli Europei - Polonia-Ucraina 2012 - Statistics

Statistiche generali
  • Questo quiz è stato fatto 4 volte
  • Il punteggio medio è 5 su 6
Statistiche sulle risposte
Partita Minuto Marcatore % Corretto
Portogallo - Paesi Bassi 2-1 28' Cristiano Ronaldo
100%
Portogallo - Paesi Bassi 2-1 74' Cristiano Ronaldo
100%
Repubblica Ceca - Portogallo 0-1 79' Cristiano Ronaldo
100%
Danimarca - Portogallo 2-3 36' Hélder Postiga
75%
Danimarca - Portogallo 2-3 24' Pepe
75%
Danimarca - Portogallo 2-3 87' Silvestre Varela
0%
Nessun quiz corrispondente trovato
Distribuzione punteggi
Percentuale di utenti per punteggio
Percentile per numero di risposta
I tuoi punteggi nel tempo
Non hai fatto questo quiz